000 00576nam a2200229Ia 4500
003 OSt
005 20220918210327.0
006 a|||||r|||| 00| 0
007 ta
008 220917b |||||||| |||| 00| 0 eng d
024 _a120,048
037 _cTextual
040 _aARTS
_cARTS
_beng
041 _2eng
_aeng
082 _aV73:28:N4, H1
100 _aCushman Robert E
_972222
245 0 _aIndependent regulatory commissions
260 _c1941
650 _aHISTORY
942 _hV73:28:N4, H1
_cTEXL
_2CC
999 _c243306
_d243306